[Event "3MCR_4D_1L_2S"]
[Site "?"]
[Date "1999.??.??"]
[Round "2"]
[White "Vrkoc, David"]
[Black "Matousek, Jan_ml."]
[Result "1/2-1/2"]
[WhiteElo "2195"]
[BlackElo "2230"]
[PlyCount "79"]
[EventDate "1999.??.??"]
[EventType "corr"]

1. c4 Nf6 2. g3 d5 3. cxd5 Nxd5 4. Bg2 e5 5. Nc3 Nb6 6. Nf3 Nc6 7. O-O Be7 8.
d3 O-O 9. a3 Be6 10. b4 f6 11. Bb2 Qe8 12. Rc1 Rd8 13. Ne4 a6 14. Qc2 Qf7 15.
Ned2 Rd7 16. Nh4 Nd5 17. Nc4 Rfd8 18. Qb1 Nd4 19. Rce1 c5 20. bxc5 Bxc5 21. e3
Nb3 22. Bxe5 Nb6 23. Nxb6 Bxb6 24. Nf3 Bg4 25. Bd4 Bxd4 26. Nxd4 Nd2 27. Qb6
Nxf1 28. Rxf1 Qe7 29. a4 Rc7 30. Rb1 Bc8 31. Be4 Rd6 32. Qb4 Qe5 33. a5 Qc5 34.
Qa4 Rd8 35. Qb3+ Kh8 36. Ne6 Bxe6 37. Qxe6 Re7 38. Qh3 h6 39. Qg4 Qg5 40. Qxg5
1/2-1/2

[Event "3MCR_4D_1L_2S"]
[Site "?"]
[Date "1999.??.??"]
[Round "2"]
[White "Zacek, Jiri"]
[Black "Matousek, Jan_ml."]
[Result "1/2-1/2"]
[WhiteElo "2305"]
[BlackElo "2230"]
[PlyCount "71"]
[EventDate "1999.??.??"]
[EventType "corr"]

1. d4 Nf6 2. c4 g6 3. Nc3 Bg7 4. e4 d6 5. Be2 O-O 6. Bg5 c5 7. d5 e6 8. Nf3 h6
9. Bf4 exd5 10. cxd5 a6 11. a4 g5 12. Bg3 Nh5 13. Nd2 Nxg3 14. hxg3 Nd7 15. Nc4
Qe7 16. Qc2 Re8 17. a5 Rb8 18. Ra3 b5 19. axb6 Nxb6 20. Ne3 Ra8 21. Bd3 Ra7 22.
Qe2 Na8 23. O-O Nc7 24. Rfa1 Bd7 25. Qd2 Rea8 26. R3a2 Bc8 27. Nc4 Rb8 28. Re1
Be5 29. Nxe5 Qxe5 30. f4 Qd4+ 31. Qe3 Rb4 32. Qxd4 Rxd4 33. Bb5 f6 34. Bc6 Kf7
35. Rd1 Rb4 36. Rf1 1/2-1/2

[Event "3MCR_4D_1L_2S"]
[Site "?"]
[Date "1999.??.??"]
[Round "2"]
[White "Matousek, Jan_ml."]
[Black "Pfeifer, Miroslav"]
[Result "1/2-1/2"]
[WhiteElo "2240"]
[BlackElo "2255"]
[PlyCount "88"]
[EventDate "1999.??.??"]
[EventType "corr"]

1. d4 Nf6 2. c4 g6 3. Nc3 Bg7 4. e4 d6 5. f3 O-O 6. Be3 e5 7. Nge2 c6 8. Qd2
Nbd7 9. O-O-O a6 10. Kb1 b5 11. Nc1 exd4 12. Bxd4 b4 13. Na4 c5 14. Bxf6 Bxf6
15. Qxd6 Be7 16. Qd2 Qa5 17. b3 Rd8 18. Qf4 Nf8 19. Bd3 Bd7 20. Nb2 Qb6 21. h4
a5 22. Bc2 Ne6 23. Qe5 h6 24. Ncd3 a4 25. Nxa4 Bxa4 26. bxa4 Bf8 27. Bb3 Bg7
28. Qg3 Nd4 29. Rhe1 Qc6 30. Qf2 Rd7 31. e5 Rad8 32. Nf4 Re8 33. Nd5 Rxe5 34.
Rxe5 Bxe5 35. Re1 Bg7 36. g4 Kh7 37. h5 Rxd5 38. cxd5 Qf6 39. hxg6+ fxg6 40. g5
Qxg5 41. f4 Qf5+ 42. Kc1 Qh3 43. Re3 Qh1+ 44. Re1 Qh3 1/2-1/2

[Event "3MCR_4D_1L_2S"]
[Site "?"]
[Date "1999.??.??"]
[Round "2"]
[White "Kopec, Ladislav"]
[Black "Vrkoc, David"]
[Result "0-1"]
[WhiteElo "2280"]
[BlackElo "2195"]
[PlyCount "84"]
[EventDate "1999.??.??"]
[EventType "corr"]

1. e4 c5 2. Nf3 d6 3. d4 cxd4 4. Nxd4 Nf6 5. Nc3 a6 6. Bg5 e6 7. f4 Qb6 8. Nb3
Be7 9. Qf3 Nbd7 10. O-O-O Qc7 11. Bd3 b5 12. Bxf6 Nxf6 13. e5 Bb7 14. Qg3 dxe5
15. fxe5 Nh5 16. Qe3 h6 17. h4 g5 18. Kb1 gxh4 19. Nxb5 axb5 20. Bxb5+ Bc6 21.
Qf3 Rc8 22. Bxc6+ Qxc6 23. Qxh5 Qxc2+ 24. Ka1 Ra8 25. Qf3 O-O 26. Rc1 Qg6 27.
Rc4 Ra7 28. Rg4 Bg5 29. Nc5 Qc2 30. Qf4 Rfa8 31. Rxg5+ Kh7 32. Na6 Rb7 33. Qc1
Qxc1+ 34. Rxc1 hxg5 35. Nc5 Rb4 36. a3 Rf4 37. Rh1 Kg6 38. Nb3 Kf5 39. Ka2 Kxe5
40. Re1+ Kf5 41. Re3 Rf2 42. Nc5 e5 0-1

[Event "3MCR_4D_1L_2S"]
[Site "?"]
[Date "1999.??.??"]
[Round "2"]
[White "Vrkoc, David"]
[Black "Zacek, Jiri"]
[Result "1/2-1/2"]
[WhiteElo "2195"]
[BlackElo "2305"]
[PlyCount "80"]
[EventDate "1999.??.??"]
[EventType "corr"]

1. c4 e6 2. Nf3 f5 3. g3 Nf6 4. Bg2 Be7 5. O-O O-O 6. Nc3 d5 7. d4 c6 8. Bf4
Qe8 9. Qc2 Qh5 10. b3 Nbd7 11. e3 Ne4 12. Ne2 g5 13. Bc7 Bd6 14. Bxd6 Nxd6 15.
Ne5 Nf6 16. Rac1 Bd7 17. h3 Be8 18. Qb2 Bg6 19. Qa3 Rfd8 20. f3 a6 21. Qa5 Qh6
22. Qc7 Qg7 23. Qxg7+ Kxg7 24. f4 g4 25. h4 Nfe8 26. Kf2 Nc7 27. Nc3 Bh5 28.
Na4 Be8 29. Rc2 Kf6 30. Nc5 Rab8 31. Rb1 Ra8 32. Kg1 Rab8 33. a4 Ke7 34. a5
Rdc8 35. Na4 Na8 36. Nd3 Rd8 37. Nb4 Rdc8 38. Rbc1 Nc7 39. Bf1 Ne4 40. Kg2 Nd6
1/2-1/2

[Event "3MCR_4D_1L_2S"]
[Site "?"]
[Date "1999.??.??"]
[Round "2"]
[White "Trexler, Evzen"]
[Black "Odehnal, Miroslav"]
[Result "0-1"]
[WhiteElo "2335"]
[BlackElo "2450"]
[PlyCount "92"]
[EventDate "1999.??.??"]
[EventType "corr"]

1. e4 c5 2. Nf3 d6 3. d4 cxd4 4. Nxd4 Nf6 5. Nc3 a6 6. Bg5 e6 7. f4 Qb6 8. Nb3
Be7 9. Be2 Nbd7 10. Qd3 Qc7 11. O-O b5 12. Bf3 Bb7 13. Rad1 Rc8 14. a3 O-O 15.
Kh1 Rfd8 16. Qe2 Nb6 17. Na5 Ba8 18. Qe1 h6 19. Bh4 Na4 20. Nxa4 bxa4 21. Rc1
e5 22. b4 exf4 23. Be2 g5 24. Bf2 Nxe4 25. Bxa6 Rb8 26. Bd4 Qd7 27. Kg1 Bf6 28.
Qd1 Qe6 29. Re1 d5 30. Bf1 Rbc8 31. Bb5 Rc3 32. Bxa4 f3 33. gxf3 Bxd4+ 34. Qxd4
Rxf3 35. Re2 Rf4 36. Nb3 Rg4+ 37. Rg2 Rxg2+ 38. Kxg2 Qg4+ 39. Kf1 Rd6 40. Ke1
Re6 41. Bd7 Qh4+ 42. Kd1 Qh5+ 43. Ke1 Re7 44. Bb5 Qxh2 45. Bd3 Bb7 46. Ra1 Nc3+
0-1

[Event "3MCR_4D_1L_2S"]
[Site "?"]
[Date "1999.??.??"]
[Round "2"]
[White "Pesa, Ladislav"]
[Black "Trexler, Evzen"]
[Result "0-1"]
[WhiteElo "2340"]
[BlackElo "2335"]
[PlyCount "98"]
[EventDate "1999.??.??"]
[EventType "corr"]

1. d4 Nf6 2. Nf3 d5 3. g3 Bf5 4. Bg2 e6 5. O-O Be7 6. c4 c6 7. Nbd2 Nbd7 8. b3
Rc8 9. Bb2 Ne4 10. Rc1 O-O 11. e3 Qa5 12. a3 Rfe8 13. b4 Qa6 14. Re1 Red8 15.
h3 dxc4 16. Rxc4 Nb6 17. Rc1 Na4 18. Ba1 Nb6 19. Qb3 Qb5 20. Bb2 a5 21. g4 Bg6
22. bxa5 Qxa5 23. Nxe4 Bxe4 24. Bc3 Qa6 25. Bb4 Bxb4 26. Qxb4 Nd5 27. Qb2 Ra8
28. Ra1 Ra7 29. Rec1 Qa5 30. Rc5 Qc7 31. Ne5 Bxg2 32. Kxg2 Rda8 33. Qb3 Ra4 34.
Rc4 R4a6 35. Rcc1 R8a7 36. Nd3 Ra5 37. Ne5 Qd8 38. Rcb1 Qa8 39. Nxc6 b6 40. e4
Nf4+ 41. Kf3 Rxa3 42. Nxa7 Rxb3+ 43. Rxb3 Nxh3 44. Kg3 Nxf2 45. Kxf2 Qxe4 46.
Nc6 h5 47. Rxb6 hxg4 48. Rab1 f5 49. Nd8 Qxd4+ 0-1

[Event "3MCR_4D_1L_2S"]
[Site "?"]
[Date "1999.??.??"]
[Round "2"]
[White "Pfeifer, Miroslav"]
[Black "Zacek, Jiri"]
[Result "1/2-1/2"]
[WhiteElo "2255"]
[BlackElo "2305"]
[PlyCount "105"]
[EventDate "1999.??.??"]
[EventType "corr"]

1. e4 e5 2. Nf3 Nc6 3. Nc3 Nf6 4. d4 exd4 5. Nxd4 Bb4 6. Nxc6 bxc6 7. Bd3 d5 8.
exd5 cxd5 9. O-O O-O 10. Bg5 c6 11. Qf3 Be7 12. h3 Be6 13. Ne2 c5 14. c3 Rb8
15. b3 h6 16. Bh4 Nh7 17. Bxe7 Qxe7 18. Nf4 Rfd8 19. Rad1 Ng5 20. Qg3 c4 21.
Nxe6 Qxe6 22. Rfe1 Qa6 23. Bf1 Ne4 24. Qe3 Qf6 25. bxc4 Nxc3 26. Rd4 dxc4 27.
Rxd8+ Rxd8 28. Bxc4 Rc8 29. Bb3 a5 30. Qa7 a4 31. Qd7 Rf8 32. Bc4 g5 33. Re3
Rd8 34. Bxf7+ Kg7 35. Qb7 Rd1+ 36. Kh2 Qf4+ 37. Rg3 Qxf7 38. Qxf7+ Kxf7 39.
Rf3+ Kg6 40. Rxc3 Rd2 41. Ra3 Rxf2 42. Rxa4 h5 43. Kg3 Rc2 44. Ra6+ Kf5 45. Ra8
h4+ 46. Kh2 Rc1 47. a4 Ra1 48. a5 Kg6 49. a6 Kh7 50. a7 Kg7 51. g4 hxg3+ 52.
Kxg3 Ra4 53. Kf3 1/2-1/2

[Event "3MCR_4D_1L_2S"]
[Site "?"]
[Date "1999.??.??"]
[Round "2"]
[White "Urbanek, Stepan"]
[Black "Odehnal, Miroslav"]
[Result "0-1"]
[WhiteElo "2405"]
[BlackElo "2450"]
[PlyCount "98"]
[EventDate "1999.??.??"]
[EventType "corr"]

1. d4 d5 2. c4 c6 3. Nf3 Nf6 4. Nc3 e6 5. e3 Nbd7 6. Bd3 dxc4 7. Bxc4 b5 8. Bd3
Bb7 9. e4 b4 10. Na4 c5 11. e5 Nd5 12. O-O cxd4 13. Nxd4 Nxe5 14. Bb5+ Nd7 15.
Re1 Rc8 16. Qh5 g6 17. Qe2 a6 18. Bxa6 Bxa6 19. Qxa6 Bg7 20. Bg5 Nc7 21. Qa5
Ra8 22. Bxd8 Rxa5 23. Bxc7 Rxa4 24. b3 Ra6 25. Rad1 Nf6 26. Nb5 O-O 27. Bd6 Rc8
28. Rc1 Rxc1 29. Rxc1 h5 30. Bxb4 Rxa2 31. Bc3 Nd5 32. Bxg7 Kxg7 33. h4 Rb2 34.
Nc3 Rxb3 35. Nxd5 exd5 36. Rc6 Rb1+ 37. Kh2 Kf8 38. Rd6 Rb5 39. Rd7 Ke8 40. Ra7
Rb4 41. g3 Rb6 42. Kg2 Rd6 43. Kf3 Rd7 44. Ra3 Ke7 45. Ke3 Ke6 46. Kd4 Rb7 47.
Ra8 Kf5 48. Ra5 Kg4 49. Ra6 Rb3 0-1

[Event "3MCR_4D_1L_2S"]
[Site "?"]
[Date "1999.??.??"]
[Round "2"]
[White "Vrkoc, David"]
[Black "Matousek, Jan_st."]
[Result "1-0"]
[WhiteElo "2195"]
[BlackElo "2230"]
[PlyCount "103"]
[EventDate "1999.??.??"]
[EventType "corr"]

1. c4 Nf6 2. g3 g6 3. Bg2 Bg7 4. Nc3 O-O 5. Nf3 d6 6. O-O e5 7. d4 Nbd7 8. e4
c6 9. h3 Re8 10. Re1 exd4 11. Nxd4 Qb6 12. Re2 Ng4 13. Rd2 Nge5 14. b3 Nc5 15.
Rc2 Ned3 16. Be3 f5 17. exf5 Bxf5 18. Nxf5 gxf5 19. Na4 Qc7 20. Rb1 Nb4 21. Re2
Nxa4 22. bxa4 Na6 23. Rd2 Re6 24. Qb3 Rae8 25. Bxa7 f4 26. Kh2 fxg3+ 27. fxg3
R8e7 28. Bb6 Qb8 29. Rf1 Nc5 30. Qd1 Nd7 31. Bd4 Rg6 32. Rf4 Qe8 33. Rdf2 Re1
34. Qf3 Bxd4 35. Rxd4 Ne5 36. Qh5 Re6 37. Qg5+ Ng6 38. Rdf4 R1e5 39. Rf5 Rxf5
40. Qxf5 Re5 41. Qb1 Qe7 42. Rb2 Re1 43. Qf5 Qc7 44. Be4 Kg7 45. h4 Qe7 46. Bd3
Re3 47. h5 Re5 48. Qh3 Nf8 49. h6+ Kh8 50. Qc8 Qf6 51. Kg2 Re8 52. Qxb7 1-0

[Event "3MCR_4D_1L_2S"]
[Site "?"]
[Date "1999.??.??"]
[Round "2"]
[White "Cerny, Jan"]
[Black "Galuska, Josef"]
[Result "1/2-1/2"]
[WhiteElo "2350"]
[BlackElo "2335"]
[PlyCount "129"]
[EventDate "1999.??.??"]
[EventType "corr"]

1. d4 c5 2. c3 b6 3. Bg5 Bb7 4. e3 Nf6 5. Bxf6 exf6 6. Nf3 Nc6 7. Nbd2 d5 8.
Bd3 Bd6 9. O-O O-O 10. Qc2 g6 11. dxc5 Bxc5 12. Rfd1 Qe7 13. Nb3 Bd6 14. Nbd4
Ne5 15. Be2 Rad8 16. Qb3 f5 17. Nxe5 Bxe5 18. g3 Qc5 19. Rd2 Rd7 20. Rad1 Rfd8
21. Bf3 Kf8 22. Nc2 a5 23. Ne1 Bc7 24. Nd3 Qe7 25. Nf4 Bxf4 26. exf4 Qc5 27. a4
Rd6 28. Rd4 Bc6 29. h4 h6 30. Bg2 R6d7 31. R1d2 Re7 32. Kh2 Red7 33. Qd1 Ke8
34. h5 Ke7 35. Qe1+ Kf8 36. Qe5 Kg8 37. hxg6 fxg6 38. c4 Re7 39. Qf6 Qd6 40.
Bxd5+ Bxd5 41. Qxd6 Rxd6 42. Rxd5 Rxd5 43. Rxd5 Re2 44. Rb5 Rxf2+ 45. Kg1 Rc2
46. b3 Rc3 47. Kf2 Rc2+ 48. Ke3 Rc3+ 49. Kd4 Rxg3 50. Rxb6 Kf7 51. c5 h5 52. b4
axb4 53. Rxb4 h4 54. c6 Ke7 55. Kd5 h3 56. Rb7+ Kd8 57. Rh7 Rd3+ 58. Kc5 Rc3+
59. Kb6 Rb3+ 60. Ka7 Rb4 61. a5 Kc8 62. Rxh3 Kc7 63. Rg3 Rxf4 64. Rxg6 Rb4 65.
Rf6 1/2-1/2

[Event "3MCR_4D_1L_2S"]
[Site "?"]
[Date "1999.??.??"]
[Round "2"]
[White "Kopec, Ladislav"]
[Black "Matousek, Jan_st."]
[Result "1-0"]
[WhiteElo "2280"]
[BlackElo "2230"]
[PlyCount "83"]
[EventDate "1999.??.??"]
[EventType "corr"]

1. e4 c5 2. Nf3 d6 3. c3 Nf6 4. Be2 Nbd7 5. d3 g6 6. O-O Bg7 7. Re1 O-O 8. Bf1
b6 9. d4 Bb7 10. Nbd2 cxd4 11. cxd4 Rc8 12. Bd3 e5 13. d5 Nc5 14. Bc2 Na6 15.
Nf1 Qc7 16. Bb1 Qe7 17. Ng3 Rc7 18. Bd2 Rfc8 19. a4 Nc5 20. b4 Ncxe4 21. Nxe4
Nxe4 22. Bxe4 f5 23. Bb1 e4 24. Ra3 Bb2 25. Ra2 Bf6 26. Bf4 g5 27. Be3 Bc3 28.
Bd2 Bf6 29. h3 h6 30. Rc2 Qf7 31. Rxc7 Rxc7 32. Nh2 Bxd5 33. g4 Bb3 34. Qe2 d5
35. gxf5 Bg7 36. f3 Qxf5 37. Qe3 Bxa4 38. fxe4 dxe4 39. Qxe4 Qxe4 40. Bxe4 Rd7
41. Nf3 Kf7 42. Rc1 1-0

[Event "3MCR_4D_1L_2S"]
[Site "?"]
[Date "1999.??.??"]
[Round "2"]
[White "Matousek, Jan_st."]
[Black "Matousek, Jan_ml."]
[Result "0-1"]
[WhiteElo "2240"]
[BlackElo "2230"]
[PlyCount "82"]
[EventDate "1999.??.??"]
[EventType "corr"]

1. d4 Nf6 2. c4 g6 3. Nc3 Bg7 4. e4 d6 5. Nf3 O-O 6. Be2 c5 7. O-O cxd4 8. Nxd4
Nc6 9. Be3 Bd7 10. f3 a6 11. Qd2 Qb8 12. Rfd1 Rc8 13. a4 a5 14. Kh1 Nxd4 15.
Bxd4 Bc6 16. Qe3 Nd7 17. Nd5 Bxd5 18. exd5 Nc5 19. Bxg7 Kxg7 20. Rd4 Rc7 21.
Bd1 e5 22. dxe6 Nxe6 23. Rd2 Qh8 24. Bc2 Kg8 25. Re1 Qe5 26. b3 Qxe3 27. Rxe3
Rd8 28. Be4 Kf8 29. Bd5 Nc5 30. Rde2 Rcc8 31. Re7 Rd7 32. Rxd7 Nxd7 33. Bxb7
Rb8 34. Bc6 Rxb3 35. h3 Ne5 36. Bb5 Rc3 37. Re4 f5 38. Re1 f4 39. Ba6 Kf7 40.
Bb7 Kf6 41. Bd5 Ra3 0-1

[Event "3MCR_4D_1L_2S"]
[Site "?"]
[Date "1999.??.??"]
[Round "2"]
[White "Matousek, Jan_st."]
[Black "Trexler, Evzen"]
[Result "1-0"]
[WhiteElo "2240"]
[BlackElo "2335"]
[PlyCount "97"]
[EventDate "1999.??.??"]
[EventType "corr"]

1. d4 Nf6 2. c4 g6 3. Nc3 Bg7 4. e4 d6 5. Nf3 O-O 6. Be2 e5 7. O-O Nc6 8. d5
Ne7 9. Ne1 a5 10. Be3 Nd7 11. Nd3 f5 12. f3 f4 13. Bf2 h5 14. c5 g5 15. cxd6
cxd6 16. Nb5 Nf6 17. Qb3 Ne8 18. Na7 Qc7 19. Rac1 Qb8 20. Nxc8 Nxc8 21. Rc2 b5
22. Rfc1 Ne7 23. a3 Rf7 24. Ne1 b4 25. Rc4 bxa3 26. Qxa3 Ng6 27. Bd1 Kf8 28.
Ba4 Ne7 29. Bxe8 Kxe8 30. Nd3 Qd8 31. Rc7 Nc8 32. Qa4+ Kf8 33. Rxf7+ Kxf7 34.
b4 Bf6 35. Ne1 g4 36. Ra1 g3 37. hxg3 fxg3 38. Bxg3 Nb6 39. Qb5 axb4 40. Rxa8
Nxa8 41. Bf2 Nc7 42. Qxb4 Ne8 43. Nc2 Qc7 44. Ne3 Ng7 45. Nc4 Ne8 46. Qa4 Qd8
47. Qc6 Ke7 48. f4 Kf8 49. fxe5 1-0

[Event "3MCR_4D_1L_2S"]
[Site "?"]
[Date "1999.??.??"]
[Round "2"]
[White "Sohr, Vladimir"]
[Black "Kopec, Ladislav"]
[Result "1/2-1/2"]
[WhiteElo "2255"]
[BlackElo "2280"]
[PlyCount "122"]
[EventDate "1999.??.??"]
[EventType "corr"]

1. e4 c5 2. Nf3 d6 3. d4 cxd4 4. Nxd4 Nf6 5. Nc3 e6 6. g4 h6 7. h4 Nc6 8. Rg1
h5 9. gxh5 Nxh5 10. Bg5 Nf6 11. Qd2 Qb6 12. Nb3 Bd7 13. O-O-O a6 14. Rg3 Qc7
15. Kb1 Nh7 16. Bf4 Ne5 17. h5 Nf6 18. Bg5 Rxh5 19. f4 Ng6 20. Bg2 O-O-O 21.
Bxf6 gxf6 22. Nd5 exd5 23. Rc3 Bc6 24. exd5 Bh6 25. dxc6 b5 26. Bh3+ Rxh3 27.
Rxh3 Bxf4 28. Qd5 Be5 29. Rh7 Rf8 30. c4 Ne7 31. Rxf7 Rxf7 32. Qxf7 Nxc6 33.
Qe8+ Kb7 34. cxb5 axb5 35. Rc1 Kb6 36. Qg8 Qb7 37. Qg1+ Ka6 38. Qg4 Ne7 39. Rc2
Qh1+ 40. Nc1 Kb6 41. a4 Nc6 42. Qg8 bxa4 43. Qc4 f5 44. Qxa4 Qe4 45. Qb3+ Nb4
46. Nd3 Qxd3 47. Qxb4+ Qb5 48. Qa3 Qd5 49. Qe3+ Kb5 50. Qa7 f4 51. Rc7 Qe4+ 52.
Ka2 Qa4+ 53. Qxa4+ Kxa4 54. Rb7 Bd4 55. b3+ Ka5 56. Rf7 Be3 57. Kb2 Kb4 58.
Rb7+ Kc5 59. Kc3 Kd5 60. Rb5+ Ke4 61. Rb4+ Kd5 1/2-1/2

[Event "3MCR_4D_1L_2S"]
[Site "?"]
[Date "1999.??.??"]
[Round "2"]
[White "Kopec, Ladislav"]
[Black "Zacek, Jiri"]
[Result "1-0"]
[WhiteElo "2280"]
[BlackElo "2305"]
[PlyCount "85"]
[EventDate "1999.??.??"]
[EventType "corr"]

1. e4 e5 2. Nf3 Nc6 3. Bb5 a6 4. Ba4 Nf6 5. O-O Be7 6. Re1 b5 7. Bb3 O-O 8. a4
b4 9. d3 d6 10. a5 Bg4 11. Nbd2 Nd4 12. Bc4 Ne6 13. h3 Bh5 14. g4 Bg6 15. Nh4
Nf4 16. Qf3 Kh8 17. Nb3 Nd7 18. Nf5 Ne6 19. Bd2 c5 20. c3 bxc3 21. bxc3 Rb8 22.
Be3 Nc7 23. Nd2 Nb5 24. Rec1 Kg8 25. Qg3 Bxf5 26. gxf5 Bf6 27. Nf3 Qe7 28. Kh1
Kh8 29. Qg4 Nc7 30. Rg1 Rb2 31. Qh5 Nb5 32. Rg4 Nxc3 33. Rag1 Rb1 34. Rxb1 Nxb1
35. Bg5 Bxg5 36. Nxg5 Nf6 37. Nxf7+ Rxf7 38. Qxf7 Qxf7 39. Bxf7 Nxg4 40. hxg4
Na3 41. Bb3 g5 42. Kg2 Nb5 43. Kf1 1-0

[Event "3MCR_4D_1L_2S"]
[Site "?"]
[Date "1999.??.??"]
[Round "2"]
[White "Pesa, Ladislav"]
[Black "Matousek, Jan_ml."]
[Result "1/2-1/2"]
[WhiteElo "2340"]
[BlackElo "2230"]
[PlyCount "90"]
[EventDate "1999.??.??"]
[EventType "corr"]

1. d4 Nf6 2. Nf3 e6 3. c4 b6 4. g3 Bb7 5. Bg2 Bb4+ 6. Bd2 Be7 7. Nc3 O-O 8. O-O
d5 9. cxd5 Nxd5 10. Qc2 Nd7 11. Nxd5 Bxd5 12. e4 Bb7 13. Rad1 Qc8 14. Rfe1 Re8
15. Bf4 Bd6 16. e5 Be7 17. Rc1 Bd8 18. b4 Bd5 19. Re3 h6 20. Rc3 Qb7 21. a3 b5
22. Ne1 Nb6 23. Qe2 Bxg2 24. Nxg2 Nd5 25. Rd3 a5 26. Qg4 Kh7 27. bxa5 Rxa5 28.
Bd2 Ra4 29. Qe4+ Kh8 30. Nf4 c6 31. g4 Qd7 32. Nh5 Rg8 33. g5 c5 34. Rxc5 Be7
35. Rc2 Rxa3 36. Rxa3 Bxa3 37. Qh4 Be7 38. Nf6 Nxf6 39. exf6 Bf8 40. g6 e5 41.
dxe5 gxf6 42. Qxf6+ Bg7 43. Qh4 Qe6 44. gxf7 Qxf7 45. Kf1 Qd5 1/2-1/2

[Event "3MCR_4D_1L_2S"]
[Site "?"]
[Date "1999.??.??"]
[Round "2"]
[White "Galuska, Josef"]
[Black "Matousek, Jan_ml."]
[Result "1/2-1/2"]
[WhiteElo "2335"]
[BlackElo "2230"]
[PlyCount "105"]
[EventDate "1999.??.??"]
[EventType "corr"]

1. d4 Nf6 2. c4 g6 3. Nc3 Bg7 4. e4 d6 5. f3 O-O 6. Be3 e5 7. Nge2 exd4 8. Nxd4
Nbd7 9. Qd2 Ne5 10. Be2 Bd7 11. O-O a6 12. Rfd1 Ne8 13. Rac1 Nf6 14. c5 dxc5
15. Nb3 c4 16. Na5 Bc6 17. Qc2 Qe7 18. Nxc6 Nxc6 19. Bxc4 Rfc8 20. Bb3 Rab8 21.
Ne2 Na5 22. Ba7 Ra8 23. Bc5 Qe8 24. Be3 c5 25. a3 b5 26. Ba2 c4 27. Rd2 Nc6 28.
Rcd1 Rd8 29. b3 Rxd2 30. Bxd2 cxb3 31. Bxb3 Rd8 32. Rc1 Rc8 33. Be3 Nd4 34.
Qxc8 Nxe2+ 35. Kf2 Nxc1 36. Qxe8+ Nxe8 37. Bxc1 Nd6 38. Ke2 Kf8 39. Kd3 f5 40.
exf5 Nxf5 41. Ke4 Ke7 42. g4 Nd4 43. Bg8 h6 44. Bd2 Ne2 45. Kd3 Ng1 46. Bd5 Kd6
47. Be4 g5 48. h4 Bf6 49. f4 Nh3 50. fxg5 hxg5 51. Bg2 Nf4+ 52. Bxf4+ gxf4 53.
g5 1/2-1/2

[Event "3MCR_4D_1L_2S"]
[Site "?"]
[Date "1999.??.??"]
[Round "2"]
[White "Matousek, Jan_ml."]
[Black "Kopec, Ladislav"]
[Result "1/2-1/2"]
[WhiteElo "2240"]
[BlackElo "2280"]
[PlyCount "66"]
[EventDate "1999.??.??"]
[EventType "corr"]

1. d4 Nf6 2. c4 g6 3. Nc3 Bg7 4. e4 d6 5. f3 O-O 6. Be3 Nc6 7. Nge2 a6 8. Qd2
Rb8 9. Bh6 Bxh6 10. Qxh6 e5 11. O-O-O b5 12. h4 exd4 13. Nxd4 Nxd4 14. Rxd4 Qe7
15. cxb5 axb5 16. h5 Be6 17. Rb4 c6 18. hxg6 fxg6 19. Bd3 Nd7 20. Be2 Nc5 21.
Kb1 Ra8 22. Qh4 Qg7 23. a3 Rfe8 24. Qh6 Qh8 25. Qe3 Qf6 26. Rd4 Re7 27. g4 Rf8
28. Bd1 Bb3 29. Rh3 Ref7 30. Ne2 Bc4 31. Rd2 Nd7 32. f4 Bxe2 33. Qxe2 Re7
1/2-1/2

[Event "3MCR_4D_1L_2S"]
[Site "?"]
[Date "1999.??.??"]
[Round "2"]
[White "Pfeifer, Miroslav"]
[Black "Galuska, Josef"]
[Result "0-1"]
[WhiteElo "2255"]
[BlackElo "2335"]
[PlyCount "112"]
[EventDate "1999.??.??"]
[EventType "corr"]

1. e4 e6 2. d4 d5 3. Nc3 Bb4 4. a3 Bxc3+ 5. bxc3 dxe4 6. f3 b6 7. Nh3 Bb7 8.
fxe4 Bxe4 9. Ng5 Bg6 10. Bd3 Nf6 11. O-O O-O 12. Bxg6 hxg6 13. Qf3 Qd5 14. Qh3
Nbd7 15. Rf4 Rfc8 16. Bd2 Kf8 17. Rh4 Ke7 18. c4 Qd6 19. Qg3 a5 20. Re1 Rh8 21.
Bc3 Kf8 22. Bb2 Rd8 23. d5 exd5 24. cxd5 Qxd5 25. Rd4 Qc5 26. a4 Qxc2 27. Ba3+
Kg8 28. Qe3 c5 29. Rxd7 Nxd7 30. Nxf7 Rf8 31. Nxh8 Rf6 32. Nxg6 Rxg6 33. Qe4
Qxe4 34. Rxe4 Rd6 35. Bb2 Rd2 36. Bc3 Rd3 37. Bb2 c4 38. Rd4 Nc5 39. Rxd3 cxd3
40. Kf2 Nxa4 41. Be5 Nc5 42. Bc7 Nb3 43. Bxb6 a4 44. Bc7 a3 45. Be5 Kf7 46. Ke3
d2 47. Ke2 Ke6 48. Bc3 Kd5 49. Bb4 a2 50. Bc3 Ke4 51. Bb2 g5 52. Bc3 a1=Q 53.
Bxa1 Nxa1 54. Kxd2 Nb3+ 55. Ke2 Nd4+ 56. Kf2 Kf4 0-1

[Event "3MCR_4D_1L_2S"]
[Site "?"]
[Date "1999.??.??"]
[Round "2"]
[White "Trexler, Evzen"]
[Black "Vrkoc, David"]
[Result "1/2-1/2"]
[WhiteElo "2335"]
[BlackElo "2195"]
[PlyCount "96"]
[EventDate "1999.??.??"]
[EventType "corr"]

1. e4 c5 2. Nf3 d6 3. d4 cxd4 4. Nxd4 Nf6 5. Nc3 a6 6. Bg5 e6 7. f4 Qb6 8. Nb3
Be7 9. Be2 h6 10. Bxf6 Bxf6 11. Qd3 O-O 12. O-O-O Rd8 13. g4 Qc7 14. h4 Bxc3
15. Qxc3 Qxc3 16. bxc3 Nc6 17. g5 b6 18. gxh6 gxh6 19. Rh3 Kf8 20. Rg3 Bb7 21.
f5 exf5 22. exf5 Ke7 23. Bf3 Rab8 24. Bxc6 Bxc6 25. Nd4 Kd7 26. Nxc6 Kxc6 27.
Rg7 Rg8 28. Rh7 Rh8 29. Rxf7 Rbf8 30. Rg7 Rxf5 31. Rg6 Rd5 32. Rxd5 Kxd5 33. h5
b5 34. Kb2 a5 35. Kb3 a4+ 36. Kb4 Rc8 37. Rxh6 Rc4+ 38. Kxb5 Rxc3 39. Kxa4 Rxc2
40. Kb3 Rh2 41. Rh8 Rh4 42. h6 Kc6 43. a4 Kb7 44. a5 d5 45. Kc3 Rc4+ 46. Kd3
Rh4 47. Ke3 Ka7 48. Kf3 d4 1/2-1/2

[Event "3MCR_4D_1L_2S"]
[Site "?"]
[Date "1999.??.??"]
[Round "2"]
[White "Matousek, Jan_ml."]
[Black "Zatloukal, Petr"]
[Result "1/2-1/2"]
[WhiteElo "2240"]
[BlackElo "2000"]
[PlyCount "83"]
[EventDate "1999.??.??"]
[EventType "corr"]

1. d4 Nf6 2. c4 g6 3. Nc3 Bg7 4. e4 d6 5. f3 O-O 6. Be3 Nbd7 7. Qd2 c5 8. Nge2
a6 9. Rd1 Qc7 10. Nf4 e6 11. Be2 b6 12. O-O cxd4 13. Bxd4 Rd8 14. Be3 Ne8 15.
Rc1 Rb8 16. Rfd1 Bb7 17. b4 Ba8 18. Nd3 Rdc8 19. Nb2 Qd8 20. a3 Qc7 21. Nca4
Rd8 22. Bf4 Be5 23. Bg5 Bf6 24. Nd3 Bxg5 25. Qxg5 f6 26. Qe3 Nf8 27. f4 Qc6 28.
Nc3 f5 29. Nf2 Ng7 30. Rd2 Qc7 31. Rcd1 Rbc8 32. e5 Ne8 33. exd6 Nxd6 34. Rd4
Nf7 35. Rxd8 Rxd8 36. Rxd8 Nxd8 37. c5 bxc5 38. Qxc5 Qxc5 39. bxc5 Nd7 40. Bxa6
Nxc5 41. Bb5 Kf7 42. a4 1/2-1/2

[Event "3MCR_4D_1L_2S"]
[Site "?"]
[Date "1999.??.??"]
[Round "2"]
[White "Vrkoc, David"]
[Black "Pesa, Ladislav"]
[Result "1-0"]
[WhiteElo "2195"]
[BlackElo "2340"]
[PlyCount "96"]
[EventDate "1999.??.??"]
[EventType "corr"]

1. c4 e5 2. g3 Nf6 3. Bg2 d5 4. cxd5 Nxd5 5. Nc3 Nb6 6. Nf3 Nc6 7. O-O Be7 8.
d3 O-O 9. a3 Be6 10. b4 f6 11. Bb2 Qe8 12. Rc1 Qf7 13. Ne4 a6 14. Nfd2 Bd5 15.
Nc4 f5 16. Nxb6 cxb6 17. Nd2 Bxg2 18. Kxg2 Rad8 19. Qb3 e4 20. Rfe1 Bg5 21.
Rcd1 exd3 22. exd3 Bxd2 23. Qxf7+ Rxf7 24. Rxd2 Rfd7 25. Re3 Rd5 26. f4 Kf7 27.
h3 a5 28. Bc3 axb4 29. axb4 Ra8 30. Rb2 Ra3 31. d4 Rd7 32. Kf2 b5 33. Rd2 Ne7
34. d5 Ra6 35. Be5 Rxd5 36. Red3 Rxd3 37. Rxd3 Ke6 38. Bxg7 Nd5 39. g4 Nxb4 40.
Rb3 Ra4 41. Kg3 b6 42. Bb2 Nd5 43. Rxb5 Ra5 44. Rb3 b5 45. g5 Kd6 46. h4 b4 47.
h5 Kc5 48. Rf3 Kc4 1-0

[Event "3MCR_4D_1L_2S"]
[Site "?"]
[Date "1999.??.??"]
[Round "2"]
[White "Trexler, Evzen"]
[Black "Zatloukal, Petr"]
[Result "1/2-1/2"]
[WhiteElo "2335"]
[BlackElo "2000"]
[PlyCount "95"]
[EventDate "1999.??.??"]
[EventType "corr"]

1. e4 c6 2. d4 d5 3. Nc3 dxe4 4. Nxe4 Bf5 5. Ng3 Bg6 6. h4 h6 7. h5 Bh7 8. Nf3
Nd7 9. Bd3 Bxd3 10. Qxd3 Ngf6 11. Bf4 Qa5+ 12. Bd2 Qc7 13. O-O-O O-O-O 14. Qe2
e6 15. Ne5 Nb6 16. Ba5 Rd5 17. Bxb6 axb6 18. Ne4 Nxe4 19. Qxe4 Bd6 20. f4 b5
21. Rhe1 Rd8 22. c3 Bxe5 23. fxe5 b4 24. c4 R5d7 25. Kb1 Qb6 26. c5 Qa6 27. Rd3
Kc7 28. Red1 Ra8 29. a3 Qc4 30. b3 Qa6 31. a4 Rf8 32. Rc1 g6 33. Rc4 gxh5 34.
Qh7 Qa8 35. Qxh6 Rg8 36. g3 Rg4 37. Qxh5 Qg8 38. d5 Rxg3 39. d6+ Kb8 40. Rxg3
Qxg3 41. Kb2 Rd8 42. Rc2 Rg8 43. Ka2 Qf4 44. Qh2 Qe3 45. Qd2 Qxe5 46. Qxb4 f5
47. a5 Rg4 48. Qc3 1/2-1/2